Lasettimana santa (Registro nro. 85226)
[ vista simple ]
| 000 -ENCABEZADO | |
|---|---|
| Número de control [NR] | 00523nam a22001817a 4500 |
| 008 - DE LONGITUD FIJA DE DATOS DE ELEMENTOS - INFORMACIÓN GENERAL | |
| Elementos de longitud fija [NR] | 130821s1956 it gr ita |
| 040 ## - FUENTE DE CATALOGACION [NR] | |
| Agencia de catalogación original [NR] | Co-BoUCM |
| Idioma de catalogación [NR] | spa |
| 041 00 - CODIGO DE IDIOMA [R] | |
| Código de idioma para texto/pista de sonido o título separado [R] | Italiano |
| 092 ## - SIGNATURA TOPOGRAFICA LOCAL | |
| Número de clasificación local | FM 000400 |
| 245 00 - MENCION DE TITULO [NR] | |
| Título [NR] | Lasettimana santa |
| Parte restante del título [NR] | ad uso dei fedeli |
| 260 ## - PUBLICACION, DISTRIBUCION, ETC. (PIE DE IMPRENTA) [R] | |
| Lugar de publicación, distribución, etc. [R] | Roma (Italia) |
| Nombre del editor, distribuidor, etc. [R] | Edizione Paoline |
| Fecha de publicación, distribución, etc. [R] | 1956 |
| 300 ## - DESCRIPCION FISICA [R] | |
| Extensión [R] | 254 páginas |
| 500 ## - NOTA GENERAL [R] | |
| Nota general [NR] | Este libro se encuentra en el depósito de la biblioteca |
| 650 04 - ASIENTO SECUNDARIO DE MATERIA - TERMINO TEMATICO [R] | |
| Término temático o nombre geográfico como elemento de entrada [NR] | Misa |
| 9 (RLIN) | 19595 |
| 650 04 - ASIENTO SECUNDARIO DE MATERIA - TERMINO TEMATICO [R] | |
| Término temático o nombre geográfico como elemento de entrada [NR] | Misales |
| 9 (RLIN) | 19598 |
| 650 04 - ASIENTO SECUNDARIO DE MATERIA - TERMINO TEMATICO [R] | |
| Término temático o nombre geográfico como elemento de entrada [NR] | Semana Santa |
| 9 (RLIN) | 24166 |
| 942 ## - ELEMENTOS DE ENTRADA AGREGADOS (KOHA) | |
| Tipo de ítem principal el descrito en 300a | Libro |
| Tema principal | [No clasificado] |
| Edición | 1 |
| Título oculto en OPAC | No |
| Signatura topográfica | Código de barras | Última vez visto | Volúmen / Fascículo | Ejemplar | Price effective from | Tipo de ítem | Perdido | Sistema de clasificación | Dañado | No prestable | Tipo de ítem específico | Suprimido | Ubicación habitual | Ubicación actual | Localización | Fecha de creación | Forma de adquisición | Costo |
|---|---|---|---|---|---|---|---|---|---|---|---|---|---|---|---|---|---|---|
| ~ | 120055123 | 13/07/2012 | FM 000400 | Ej.1 | 03/02/2013 | Libro | LOCAL | Fondos especiales | Archivo Histórico | Archivo histórico | 28/02/2003 | Donación | 10000.00 | |||||
| ~ | 120056259 | 28/06/2012 | FM 000400 | Ej.2 | 03/02/2013 | Libro | LOCAL | Fondos especiales | Archivo Histórico | Archivo histórico | 28/02/2003 | Donación | 10000.00 |